Skin prick test reactivity to common airborne pollens and molds in allergic rhinitis patients /
Saved in:
| 主要作者: | |
|---|---|
| 格式: | Thesis |
| 語言: | English |
| 主題: | |
| 標簽: |
添加標簽
沒有標簽, 成為第一個標記此記錄!
|
| LEADER | 010510000a22002530004500 | ||
|---|---|---|---|
| 008 | 140828t2002 my f m 000 0 eng d | ||
| 040 | |a UIAM |b eng |e rda | ||
| 043 | |a a-my--- | ||
| 050 | 0 | |a RF361 | |
| 100 | 0 | |a Wan Ishlah Leman, |e author | |
| 245 | 1 | 0 | |a Skin prick test reactivity to common airborne pollens and molds in allergic rhinitis patients / |c by Wan Islah Leman |
| 264 | |a Bangi, Selangor : |b Faculty of Medicine, Universiti Kebangsaan Malaysia, |c 2002 | ||
| 300 | |a xii, 61 leaves ; |c 30 cm. | ||
| 336 | |2 rdacontent |a text | ||
| 337 | |2 rdamedia |a unmediated | ||
| 338 | |2 rdacarrier |a volume | ||
| 502 | |a Thesis S.S. (ORL-HNS)--Universiti Kebangsaan Malaysia, 2002. | ||
| 504 | |a Includes bibiographical references (leaves [58]-61). | ||
| 596 | |a 6 | ||
| 655 | 7 | |a Theses, non-IIUM | |
| 710 | 2 | |a Universiti Kebangsaan Malaysia. |b Fakulti Perubatan | |
| 900 | |a oc-amr-hj-a jt | ||
| 999 | |c 438696 |d 470210 | ||
| 952 | |0 0 |6 T RF 000361 W244S 2002 |7 0 |8 THESES |9 759880 |a KIMC |b KIMC |c CLOSEACCES |g 0.00 |o t RF 361 W244S 2002 |p 11100334589 |r 2019-09-04 |t 1 |v 0.00 |y THESIS | ||
